<?xml version="1.0" encoding="UTF-8"?>
<record
    xmlns:xsi="http://www.w3.org/2001/XMLSchema-instance"
    xsi:schemaLocation="http://www.loc.gov/MARC21/slim http://www.loc.gov/standards/marcxml/schema/MARC21slim.xsd"
    xmlns="http://www.loc.gov/MARC21/slim">

  <leader>02513mam a2200397 a 4500</leader>
  <controlfield tag="001">2113470</controlfield>
  <controlfield tag="003">003947</controlfield>
  <controlfield tag="005">20220326193248.0</controlfield>
  <controlfield tag="008">970502s1998    cauc     b    001 0 eng  </controlfield>
  <datafield tag="010" ind1=" " ind2=" ">
    <subfield code="a">   97017178 </subfield>
  </datafield>
  <datafield tag="020" ind1=" " ind2=" ">
    <subfield code="a">1572410469</subfield>
  </datafield>
  <datafield tag="035" ind1=" " ind2=" ">
    <subfield code="a">(OCoLC)ocm36883998</subfield>
  </datafield>
  <datafield tag="035" ind1=" " ind2=" ">
    <subfield code="a">(NNC)2113470</subfield>
  </datafield>
  <datafield tag="040" ind1=" " ind2=" ">
    <subfield code="a">DLC</subfield>
    <subfield code="c">DLC</subfield>
    <subfield code="d">C#P</subfield>
    <subfield code="d">OrLoB-B</subfield>
  </datafield>
  <datafield tag="041" ind1="1" ind2=" ">
    <subfield code="a">eng</subfield>
    <subfield code="h">ger</subfield>
  </datafield>
  <datafield tag="043" ind1=" " ind2=" ">
    <subfield code="a">e------</subfield>
  </datafield>
  <datafield tag="050" ind1="0" ind2="0">
    <subfield code="a">NK925</subfield>
    <subfield code="b">.L6613 1998</subfield>
  </datafield>
  <datafield tag="082" ind1="0" ind2="0">
    <subfield code="a">720.4</subfield>
    <subfield code="b">L863o</subfield>
    <subfield code="2">21</subfield>
  </datafield>
  <datafield tag="100" ind1="1" ind2=" ">
    <subfield code="a">Loos, Adolf,</subfield>
    <subfield code="d">1870-1933.</subfield>
    <subfield code="9">424</subfield>
  </datafield>
  <datafield tag="240" ind1="1" ind2="0">
    <subfield code="a">Ornament und Verbrechen.</subfield>
    <subfield code="l">English</subfield>
  </datafield>
  <datafield tag="245" ind1="1" ind2="0">
    <subfield code="a">Ornament and crime :</subfield>
    <subfield code="b">selected essays /</subfield>
    <subfield code="c">Adolf Loos ; selected and with an introduction by Adolf Opel ; translated by Michael Mitchell.</subfield>
  </datafield>
  <datafield tag="260" ind1=" " ind2=" ">
    <subfield code="a">Riverside, Calif. :</subfield>
    <subfield code="b">Ariadne Press,</subfield>
    <subfield code="c">c1998.</subfield>
  </datafield>
  <datafield tag="300" ind1=" " ind2=" ">
    <subfield code="a">204 p. :</subfield>
    <subfield code="b">port. ;</subfield>
    <subfield code="c">22 cm.</subfield>
  </datafield>
  <datafield tag="490" ind1="1" ind2=" ">
    <subfield code="a">Studies in Austrian literature, culture, and thought. Translation series</subfield>
  </datafield>
  <datafield tag="504" ind1=" " ind2=" ">
    <subfield code="a">Includes bibliographical references and index.</subfield>
  </datafield>
  <datafield tag="505" ind1="0" ind2="0">
    <subfield code="t">Introduction /</subfield>
    <subfield code="r">Adolf Opel --</subfield>
    <subfield code="g">1.</subfield>
    <subfield code="t">Our School of Applied Art --</subfield>
    <subfield code="g">2.</subfield>
    <subfield code="t">The Christmas Exhibition in the Austrian Museum --</subfield>
    <subfield code="g">3.</subfield>
    <subfield code="t">The Jubilee Exhibition: The Exhibition Buildings --</subfield>
    <subfield code="g">4.</subfield>
    <subfield code="t">The Silver Court and Neighboring Pavilion --</subfield>
    <subfield code="g">5.</subfield>
    <subfield code="t">Men's Fashion --</subfield>
    <subfield code="g">6.</subfield>
    <subfield code="t">The New Style and the Bronze Industry --</subfield>
    <subfield code="g">7.</subfield>
    <subfield code="t">Interior Design: Prelude --</subfield>
    <subfield code="g">8.</subfield>
    <subfield code="t">The Interiors in the Rotunda --</subfield>
    <subfield code="g">9.</subfield>
    <subfield code="t">Chairs --</subfield>
    <subfield code="g">10.</subfield>
    <subfield code="t">Glass and China --</subfield>
    <subfield code="g">11.</subfield>
    <subfield code="t">Luxury Carriages --</subfield>
    <subfield code="g">12.</subfield>
    <subfield code="t">Plumbers: Baths and Kitchen Ranges --</subfield>
    <subfield code="g">13.</subfield>
    <subfield code="t">Gentlemen's Hats --</subfield>
    <subfield code="g">14.</subfield>
    <subfield code="t">Footwear --</subfield>
    <subfield code="g">15.</subfield>
    <subfield code="t">Shoemakers --</subfield>
    <subfield code="g">16.</subfield>
    <subfield code="t">Ladies' Fashion --</subfield>
    <subfield code="g">17.</subfield>
    <subfield code="t">Underwear --</subfield>
    <subfield code="g">18.</subfield>
    <subfield code="t">Furniture --</subfield>
    <subfield code="g">19.</subfield>
    <subfield code="t">The Furniture of 1898 --</subfield>
    <subfield code="g">20.</subfield>
    <subfield code="t">Printers --</subfield>
    <subfield code="g">21.</subfield>
    <subfield code="t">A Review of the Applied Arts I --</subfield>
    <subfield code="g">22.</subfield>
    <subfield code="t">A Review of the Applied Arts II --</subfield>
    <subfield code="g">23.</subfield>
    <subfield code="t">The English Schools in the Austrian Museum --</subfield>
    <subfield code="g">24.</subfield>
    <subfield code="t">Pottery --</subfield>
    <subfield code="g">25.</subfield>
    <subfield code="t">Surplus to Requirements --</subfield>
    <subfield code="g">26.</subfield>
    <subfield code="t">In Praise of the Present --</subfield>
    <subfield code="g">27.</subfield>
    <subfield code="t">Culture --</subfield>
    <subfield code="g">28.</subfield>
    <subfield code="t">Cultural Degeneration --</subfield>
    <subfield code="g">29.</subfield>
    <subfield code="t">Ornament and Crime --</subfield>
    <subfield code="g">30.</subfield>
    <subfield code="t">Brief Intermezzo --</subfield>
    <subfield code="g">31.</subfield>
    <subfield code="t">Beethoven's Ears --</subfield>
    <subfield code="g">32.</subfield>
    <subfield code="t">Hands Off! --</subfield>
  </datafield>
  <datafield tag="505" ind1="8" ind2="0">
    <subfield code="g">33.</subfield>
    <subfield code="t">Ornament and Education --</subfield>
    <subfield code="g">34.</subfield>
    <subfield code="t">Short Hair --</subfield>
    <subfield code="g">35.</subfield>
    <subfield code="t">Oscar Kokoschka --</subfield>
    <subfield code="g">36.</subfield>
    <subfield code="t">On Josef Hofmann --</subfield>
    <subfield code="g">37.</subfield>
    <subfield code="t">Chronology.</subfield>
  </datafield>
  <datafield tag="650" ind1=" " ind2="0">
    <subfield code="a">Decorative arts</subfield>
    <subfield code="z">Europe</subfield>
    <subfield code="x">History</subfield>
    <subfield code="y">19th century.</subfield>
    <subfield code="9">425</subfield>
  </datafield>
  <datafield tag="650" ind1=" " ind2="0">
    <subfield code="a">Decorative arts</subfield>
    <subfield code="z">Europe</subfield>
    <subfield code="x">History</subfield>
    <subfield code="y">20th century.</subfield>
    <subfield code="9">426</subfield>
  </datafield>
  <datafield tag="650" ind1=" " ind2="0">
    <subfield code="a">Aquitectura</subfield>
    <subfield code="9">427</subfield>
  </datafield>
  <datafield tag="650" ind1=" " ind2="0">
    <subfield code="a">Ensayos</subfield>
    <subfield code="9">428</subfield>
  </datafield>
  <datafield tag="650" ind1=" " ind2="0">
    <subfield code="a">Conferencias</subfield>
    <subfield code="9">429</subfield>
  </datafield>
  <datafield tag="700" ind1="1" ind2=" ">
    <subfield code="a">Opel, Adolf,</subfield>
    <subfield code="d">1935-</subfield>
    <subfield code="9">430</subfield>
  </datafield>
  <datafield tag="830" ind1=" " ind2="0">
    <subfield code="a">Studies in Austrian literature, culture, and thought.</subfield>
    <subfield code="p">Translation series.</subfield>
    <subfield code="9">431</subfield>
  </datafield>
  <datafield tag="900" ind1=" " ind2=" ">
    <subfield code="b">TOC</subfield>
  </datafield>
  <datafield tag="999" ind1=" " ind2=" ">
    <subfield code="c">84</subfield>
    <subfield code="d">84</subfield>
  </datafield>
  <datafield tag="952" ind1=" " ind2=" ">
    <subfield code="0">0</subfield>
    <subfield code="1">0</subfield>
    <subfield code="2">ddc</subfield>
    <subfield code="4">0</subfield>
    <subfield code="7">0</subfield>
    <subfield code="a">LV</subfield>
    <subfield code="b">LV</subfield>
    <subfield code="c">Pensamiento</subfield>
    <subfield code="d">2014-04-28</subfield>
    <subfield code="l">0</subfield>
    <subfield code="o">720.4 L863o</subfield>
    <subfield code="p">003947</subfield>
    <subfield code="r">2014-04-28 00:00:00</subfield>
    <subfield code="w">2014-04-28</subfield>
    <subfield code="y">01</subfield>
  </datafield>
</record>
